00262nam a2200121Ia 4500003000400000005001700004008004100021020001800062040000900080100002000089245002300109260000800132OSt20231123065636.0170523s9999 xx 000 0 und d a81-203-2226-6 cIIMT aCERTO- SAMUEL C 0aMODERN MANAGEMENT bPHI